| 000 | 00630nam a22001817a 4500 | ||
|---|---|---|---|
| 999 |
_c15929 _d15929 |
||
| 003 | AR-CdUCM | ||
| 008 | 190430b ||||| |||| 00| 0 spa d | ||
| 040 |
_aMUNICIPALIDAD PROVINCIAL DEL CUSCO _cBIBLIOTECA MUNICIPAL DEL CUSCO |
||
| 082 |
_aC / 869.50 / _bH43 |
||
| 100 |
_aHernandez, Jose A. _917168 |
||
| 245 | _aPoesías y relatos / | ||
| 260 |
_aLima : _bLumen, _c1959. |
||
| 300 |
_a102 páginas ; _c26 cm. |
||
| 500 | _aen mal estado. | ||
| 505 | _aEl montonero y la tapada -- Apuntes sobre el arte dramático en Lima durante el virreinato -- Una glosa sobre la cultura peruana... | ||
| 942 |
_2ddc _cLIBROS |
||
| 945 | _awfj | ||